Les prénoms en F du plan de Paris - Statistiques

Statistiques générales
  • Ce quiz a été pris 7 fois
  • Le résultat moyen est 11 sur 38
Statistiques - réponses
Arrondissement Indice Nom Prénom % Correct
6e Compositeur Poulenc Francis
100%
10e Compositeur Liszt Franz
100%
15e Homme politique Faure Félix
80%
19e Ecrivain / Poète Ponge Francis
60%
20e Artiste peintre Picabia Francis
60%
8e Chef d'Etat D. Roosevelt Franklin
60%
15e Ecrivain / Poète Mistral Frédéric
60%
12e Haut-fonctionnaire Eboué Félix
40%
18e Ecrivain / Poète Carco Francis
40%
10e Ecrivain / Poète Jammes Francis
40%
1er Ecrivain / Poète Garcia-Lorca Federico
20%
16e Compositeur David Félicien
20%
20e Acteur / comédien Huguenet Félix
20%
11e Médecin Voisin Félix
20%
18e Artiste peintre Ziem Félix
20%
16e Biologiste d'Hérelle Félix
20%
20e Médecin Terrier Félix
20%
14e Homme politique de Pressensé Francis
20%
13e Ecrivain / Poète de Miomandre Francis
20%
18e Ecrivain / Poète de Croisset Francis
20%
17e Explorateur Garnier Francis
20%
20e Médecin Fanon Frantz
20%
19e Juriste Mourlon Frédéric
20%
17e Homme politique Brunet Frédéric
20%
5e Architecte Sauton Frédéric
20%
15e Propriétaire Vallois Frédéric
20%
8e Economiste Bastiat Frédéric
20%
7e Homme politique Le Play Frédéric
20%
15e Entrepreneur Magisson Frédéric
20%
18e Philanthrope Schneider Frédéric
20%
20e Historien Loliée Frédéric
20%
16e Juriste Hélie Faustin
0%
13e Artiste peintre Rops Félicien
0%
18e Metteur en scène Gémier Firmin
0%
15e Imprimeur Gillot Firmin
0%
16e Journaliste Sarcey Francisque
0%
6e Homme politique Gay Francisque
0%
20e Acteur / comédien Lemaître Frédérick
0%
Aucun quiz correspondant
Distribution des résultats
% des personnes avec chaque résultat
Percentile par nombre de réponses
Votre historique - résultats
Vous n’avez pas pris ce quiz